[Event "8th Vellmar Chess Days"]
[Site "chess24.com"]
[Date "2016.07.28"]
[Round "1"]
[White "Maar, Samuel"]
[Black "Helmer, Jan"]
[Result "1-0"]
[Board "39"]
[WhiteElo "1998"]
[WhiteTeam "Bad Emstal"]
[WhiteCountry "GER"]
[WhiteFideId "12952591"]
[WhiteEloChange "5"]
[BlackElo "1799"]
[BlackTeam "Hamelner SV"]
[BlackCountry "GER"]
[BlackFideId "12956686"]
[BlackEloChange "-5"]

1. e4 {[%clk 1:30:30]} e6 {[%clk 1:30:30]} 2. d4 {[%clk 1:30:30]} d5 {[%clk
1:30:30]} 3. Nd2 {[%clk 1:30:30]} Nf6 {[%clk 1:30:30]} 4. e5 {[%clk 1:30:30]}
Nfd7 {[%clk 1:30:30]} 5. c3 {[%clk 1:30:30]} c5 {[%clk 1:30:30]} 6. Bd3 {[%clk
1:30:30]} Nc6 {[%clk 1:30:30]} 7. Ne2 {[%clk 1:30:30]} cxd4 {[%clk 1:30:30]} 8.
cxd4 {[%clk 1:30:30]} f6 {[%clk 1:30:30]} 9. exf6 {[%clk 1:30:30]} Nxf6 {[%clk
1:30:30]} 10. O-O {[%clk 1:30:30]} Bd6 {[%clk 1:30:30]} 11. Nf3 {[%clk 1:30:30]}
Qc7 {[%clk 1:30:30]} 12. Bg5 {[%clk 1:30:30]} O-O {[%clk 1:30:30]} 13. Nc3 {[%clk
1:30:30]} a6 {[%clk 1:30:30]} 14. Rc1 {[%clk 1:30:30]} Bd7 {[%clk 1:30:30]} 15.
Re1 {[%clk 1:30:30]} Ng4 {[%clk 1:30:30]} 16. h3 {[%clk 1:30:30]} Bh2+ {[%clk
1:30:30]} 17. Kf1 {[%clk 1:30:30]} Nxf2 {[%clk 1:30:30]} 18. Bxh7+ {[%clk
1:30:30]} Kxh7 {[%clk 1:30:30]} 19. Qc2+ {[%clk 1:30:30]} Kg8 {[%clk 1:30:30]}
20. Qxf2 {[%clk 1:30:30]} Bg3 {[%clk 1:30:30]} 21. Qe3 {[%clk 1:30:30]} Bxe1
{[%clk 1:30:30]} 22. Qxe1 {[%clk 1:30:30]} Qh2 {[%clk 1:30:30]} 23. Qf2 {[%clk
1:30:30]} Qd6 {[%clk 1:30:30]} 24. Re1 {[%clk 1:30:30]} Rf5 {[%clk 1:30:30]} 25.
Kg1 {[%clk 1:30:30]} Raf8 {[%clk 1:30:30]} 26. Qh4 {[%clk 1:30:30]} e5 {[%clk
1:30:30]} 27. dxe5 {[%clk 1:30:30]} Nxe5 {[%clk 1:30:30]} 28. Nd4 {[%clk
1:30:30]} Qc5 {[%clk 1:30:30]} 29. Be7 {[%clk 1:30:30]} Ng6 {[%clk 1:30:30]} 30.
Bxc5 {[%clk 1:30:30]} Nxh4 {[%clk 1:30:30]} 31. Bxf8 {[%clk 1:30:30]} Rxf8 {[%clk
1:30:30]} 32. Nxd5 {[%clk 1:30:30]} Rd8 {[%clk 1:30:30]} 33. Nf4 {[%clk 1:30:30]}
Kf7 {[%clk 1:30:30]} 34. Rf1 {[%clk 1:30:30]} Ke7 {[%clk 1:30:30]} 35. g3 {[%clk
1:30:30]} Bxh3 {[%clk 1:30:30]} 36. Re1+ {[%clk 1:30:30]} Kf6 {[%clk 1:30:30]}
37. Nxh3 {[%clk 1:30:30]} Rxd4 {[%clk 1:30:30]} 38. gxh4 {[%clk 1:30:30]} Rd2
{[%clk 1:30:30]} 39. Rf1+ {[%clk 1:30:30]} Kg6 {[%clk 1:30:30]} 40. Rf2 {[%clk
1:30:30]} Rd7 {[%clk 1:30:30]} 41. Nf4+ {[%clk 1:30:30]} Kf5 {[%clk 1:30:30]} 42.
Nd5+ {[%clk 1:30:30]} 1-0

[Event "8th Vellmar Chess Days"]
[Site "chess24.com"]
[Date "2016.07.28"]
[Round "1"]
[White "Colbow, Collin"]
[Black "Schnegelsberg, Karl-Heinz"]
[Result "1-0"]
[Board "40"]
[WhiteElo "1794"]
[WhiteTeam "SK Bremen-Nord"]
[WhiteCountry "GER"]
[WhiteFideId "16201132"]
[WhiteEloChange "15"]
[BlackElo "1990"]
[BlackTeam "Kasseler SK"]
[BlackCountry "GER"]
[BlackFideId "4653335"]
[BlackEloChange "-15"]

1. e4 {[%clk 1:30:30]} e6 {[%clk 1:30:30]} 2. d4 {[%clk 1:30:30]} d5 {[%clk
1:30:30]} 3. Nd2 {[%clk 1:30:30]} Nf6 {[%clk 1:30:30]} 4. e5 {[%clk 1:30:30]}
Nfd7 {[%clk 1:30:30]} 5. Bd3 {[%clk 1:30:30]} c5 {[%clk 1:30:30]} 6. c3 {[%clk
1:30:30]} Nc6 {[%clk 1:30:30]} 7. Ne2 {[%clk 1:30:30]} cxd4 {[%clk 1:30:30]} 8.
cxd4 {[%clk 1:30:30]} f6 {[%clk 1:30:30]} 9. exf6 {[%clk 1:30:30]} Nxf6 {[%clk
1:30:30]} 10. Nf3 {[%clk 1:30:30]} Bd6 {[%clk 1:30:30]} 11. O-O {[%clk 1:30:30]}
Qc7 {[%clk 1:30:30]} 12. Bg5 {[%clk 1:30:30]} O-O {[%clk 1:30:30]} 13. Bh4 {[%clk
1:30:30]} Nh5 {[%clk 1:30:30]} 14. Nc3 {[%clk 1:30:30]} a6 {[%clk 1:30:30]} 15.
Re1 {[%clk 1:30:30]} g6 {[%clk 1:30:30]} 16. Rc1 {[%clk 1:30:30]} Qg7 {[%clk
1:30:30]} 17. Bb1 {[%clk 1:30:30]} Bd7 {[%clk 1:30:30]} 18. a3 {[%clk 1:30:30]}
Rxf3 {[%clk 1:30:30]} 19. Qxf3 {[%clk 1:30:30]} Qxd4 {[%clk 1:30:30]} 20. Bg3
{[%clk 1:30:30]} Nxg3 {[%clk 1:30:30]} 21. hxg3 {[%clk 1:30:30]} Rf8 {[%clk
1:30:30]} 22. Qe3 {[%clk 1:30:30]} Qf6 {[%clk 1:30:30]} 23. Qd2 {[%clk 1:30:30]}
Ne5 {[%clk 1:30:30]} 24. Re2 {[%clk 1:30:30]} Nc4 {[%clk 1:30:30]} 25. Nxd5
{[%clk 1:30:30]} exd5 {[%clk 1:30:30]} 26. Qxd5+ {[%clk 1:30:30]} Qf7 {[%clk
1:30:30]} 27. Qxf7+ {[%clk 1:30:30]} Kxf7 {[%clk 1:30:30]} 28. Rxc4 {[%clk
1:30:30]} Bb5 {[%clk 1:30:30]} 29. Ba2 {[%clk 1:30:30]} Kg7 {[%clk 1:30:30]} 30.
Rc7+ {[%clk 1:30:30]} Kh6 {[%clk 1:30:30]} 31. Ree7 {[%clk 1:30:30]} Bxc7 {[%clk
1:30:30]} 32. Rxc7 {[%clk 1:30:30]} Bc6 {[%clk 1:30:30]} 33. Re7 {[%clk 1:30:30]}
Rd8 {[%clk 1:30:30]} 34. Re2 {[%clk 1:30:30]} Rd1+ {[%clk 1:30:30]} 35. Kh2
{[%clk 1:30:30]} Bb5 {[%clk 1:30:30]} 36. Re7 {[%clk 1:30:30]} Rd2 {[%clk
1:30:30]} 37. Rxb7 {[%clk 1:30:30]} Rxf2 {[%clk 1:30:30]} 38. Bd5 {[%clk
1:30:30]} Rd2 {[%clk 1:30:30]} 39. Bf3 {[%clk 1:30:30]} Kg5 {[%clk 1:30:30]} 40.
Rb6 {[%clk 1:30:30]} Kf5 {[%clk 1:30:30]} 41. a4 {[%clk 1:30:30]} Bxa4 {[%clk
1:30:30]} 42. Rxa6 {[%clk 1:30:30]} Bb5 {[%clk 1:30:30]} 43. Ra5 {[%clk 1:30:30]}
Rxb2 {[%clk 1:30:30]} 44. Bc6 {[%clk 1:30:30]} Rd2 {[%clk 1:30:30]} 45. Rxb5+
{[%clk 1:30:30]} Kf6 {[%clk 1:30:30]} 46. Kh3 {[%clk 1:30:30]} h6 {[%clk
1:30:30]} 47. Rd5 {[%clk 1:30:30]} Rb2 {[%clk 1:30:30]} 48. Rd6+ {[%clk 1:30:30]}
Kg7 {[%clk 1:30:30]} 49. Be4 {[%clk 1:30:30]} g5 {[%clk 1:30:30]} 50. Rg6+ {[%clk
1:30:30]} Kf7 {[%clk 1:30:30]} 51. Rxh6 {[%clk 1:30:30]} 1-0

[Event "8th Vellmar Chess Days"]
[Site "chess24.com"]
[Date "2016.07.28"]
[Round "1"]
[White "Held, Carsten, Dr."]
[Black "Lutz, Ruben"]
[Result "1/2-1/2"]
[Board "41"]
[WhiteElo "1989"]
[WhiteTeam "SC Ladja Roßdorf"]
[WhiteCountry "GER"]
[WhiteFideId "1271741"]
[WhiteEloChange "-6"]
[BlackElo "1733"]
[BlackTeam "USV TU Dresden"]
[BlackCountry "GER"]
[BlackFideId "12975974"]
[BlackEloChange "6"]

1. g3 {[%clk 1:30:30]} d5 {[%clk 1:30:30]} 2. Bg2 {[%clk 1:30:30]} Nf6 {[%clk
1:30:30]} 3. c4 {[%clk 1:30:30]} e6 {[%clk 1:30:30]} 4. Nf3 {[%clk 1:30:30]} c6
{[%clk 1:30:30]} 5. d4 {[%clk 1:30:30]} Nbd7 {[%clk 1:30:30]} 6. O-O {[%clk
1:30:30]} Be7 {[%clk 1:30:30]} 7. Qd3 {[%clk 1:30:30]} O-O {[%clk 1:30:30]} 8.
Nc3 {[%clk 1:30:30]} b6 {[%clk 1:30:30]} 9. cxd5 {[%clk 1:30:30]} cxd5 {[%clk
1:30:30]} 10. Bf4 {[%clk 1:30:30]} Nh5 {[%clk 1:30:30]} 11. Bd2 {[%clk 1:30:30]}
Bb7 {[%clk 1:30:30]} 12. Rfc1 {[%clk 1:30:30]} Rc8 {[%clk 1:30:30]} 13. Rc2
{[%clk 1:30:30]} a6 {[%clk 1:30:30]} 14. a4 {[%clk 1:30:30]} Nhf6 {[%clk
1:30:30]} 15. Rac1 {[%clk 1:30:30]} Bd6 {[%clk 1:30:30]} 16. Na2 {[%clk 1:30:30]}
Qe7 {[%clk 1:30:30]} 17. Bf1 {[%clk 1:30:30]} Ne4 {[%clk 1:30:30]} 18. Be1 {[%clk
1:30:30]} Rxc2 {[%clk 1:30:30]} 19. Rxc2 {[%clk 1:30:30]} e5 {[%clk 1:30:30]} 20.
dxe5 {[%clk 1:30:30]} Nxe5 {[%clk 1:30:30]} 21. Nxe5 {[%clk 1:30:30]} Qxe5 {[%clk
1:30:30]} 22. b4 {[%clk 1:30:30]} Re8 {[%clk 1:30:30]} 23. f3 {[%clk 1:30:30]}
Nf6 {[%clk 1:30:30]} 24. Bc3 {[%clk 1:30:30]} Qe6 {[%clk 1:30:30]} 25. Bd4 {[%clk
1:30:30]} Be5 {[%clk 1:30:30]} 26. Kf2 {[%clk 1:30:30]} Ng4+ {[%clk 1:30:30]} 27.
fxg4 {[%clk 1:30:30]} Qf6+ {[%clk 1:30:30]} 28. Qf3 {[%clk 1:30:30]} Bxd4+ {[%clk
1:30:30]} 29. Kg2 {[%clk 1:30:30]} Qxf3+ {[%clk 1:30:30]} 30. exf3 {[%clk
1:30:30]} 1/2-1/2

[Event "8th Vellmar Chess Days"]
[Site "chess24.com"]
[Date "2016.07.28"]
[Round "1"]
[White "Marzec, Witold"]
[Black "Braun, Ingram"]
[Result "0-1"]
[Board "42"]
[WhiteElo "1777"]
[WhiteTeam "vereinslos"]
[WhiteCountry "GER"]
[WhiteFideId "1270680"]
[WhiteEloChange "-5"]
[BlackElo "1987"]
[BlackTeam "ESV Göttingen"]
[BlackCountry "GER"]
[BlackFideId "24657816"]
[BlackEloChange "5"]

1. d4 {[%clk 1:30:30]} c5 {[%clk 1:30:30]} 2. d5 {[%clk 1:30:30]} d6 {[%clk
1:30:30]} 3. Nc3 {[%clk 1:30:30]} g6 {[%clk 1:30:30]} 4. e4 {[%clk 1:30:30]} Bg7
{[%clk 1:30:30]} 5. Bb5+ {[%clk 1:30:30]} Nd7 {[%clk 1:30:30]} 6. Bf4 {[%clk
1:30:30]} a6 {[%clk 1:30:30]} 7. Bxd7+ {[%clk 1:30:30]} Bxd7 {[%clk 1:30:30]} 8.
Nf3 {[%clk 1:30:30]} Nf6 {[%clk 1:30:30]} 9. O-O {[%clk 1:30:30]} O-O {[%clk
1:30:30]} 10. Re1 {[%clk 1:30:30]} b5 {[%clk 1:30:30]} 11. Qd2 {[%clk 1:30:30]}
Bg4 {[%clk 1:30:30]} 12. Qe3 {[%clk 1:30:30]} Nh5 {[%clk 1:30:30]} 13. Bh6 {[%clk
1:30:30]} Bxh6 {[%clk 1:30:30]} 14. Qxh6 {[%clk 1:30:30]} Bxf3 {[%clk 1:30:30]}
15. gxf3 {[%clk 1:30:30]} e5 {[%clk 1:30:30]} 16. Ne2 {[%clk 1:30:30]} f5 {[%clk
1:30:30]} 17. Ng3 {[%clk 1:30:30]} Ng7 {[%clk 1:30:30]} 18. f4 {[%clk 1:30:30]}
exf4 {[%clk 1:30:30]} 19. Qxf4 {[%clk 1:30:30]} fxe4 {[%clk 1:30:30]} 20. Qxe4
{[%clk 1:30:30]} Qf6 {[%clk 1:30:30]} 21. Rf1 {[%clk 1:30:30]} Rae8 {[%clk
1:30:30]} 22. Qd3 {[%clk 1:30:30]} Qxb2 {[%clk 1:30:30]} 23. c3 {[%clk 1:30:30]}
Rxf2 {[%clk 1:30:30]} 24. Rxf2 {[%clk 1:30:30]} Qxa1+ {[%clk 1:30:30]} 25. Kg2
{[%clk 1:30:30]} Qe1 {[%clk 1:30:30]} 26. Qf3 {[%clk 1:30:30]} Qe7 {[%clk
1:30:30]} 27. Qg4 {[%clk 1:30:30]} Qe5 {[%clk 1:30:30]} 28. c4 {[%clk 1:30:30]}
bxc4 {[%clk 1:30:30]} 29. Qxc4 {[%clk 1:30:30]} Nh5 {[%clk 1:30:30]} 30. Nxh5
{[%clk 1:30:30]} Qxh5 {[%clk 1:30:30]} 31. a4 {[%clk 1:30:30]} a5 {[%clk
1:30:30]} 32. Qb3 {[%clk 1:30:30]} Qe5 {[%clk 1:30:30]} 33. Qb7 {[%clk 1:30:30]}
Qe7 {[%clk 1:30:30]} 34. Qb3 {[%clk 1:30:30]} Qe4+ {[%clk 1:30:30]} 35. Kg1
{[%clk 1:30:30]} Qb4 {[%clk 1:30:30]} 36. Qg3 {[%clk 1:30:30]} Qe1+ {[%clk
1:30:30]} 37. Kg2 {[%clk 1:30:30]} Qe4+ {[%clk 1:30:30]} 38. Kg1 {[%clk 1:30:30]}
Re5 {[%clk 1:30:30]} 39. h4 {[%clk 1:30:30]} Kg7 {[%clk 1:30:30]} 40. Kh2 {[%clk
1:30:30]} Qxa4 {[%clk 1:30:30]} 41. Rb2 {[%clk 1:30:30]} Qd7 {[%clk 1:30:30]} 42.
Rf2 {[%clk 1:30:30]} Qe7 {[%clk 1:30:30]} 43. Rd2 {[%clk 1:30:30]} Re4 {[%clk
1:30:30]} 44. Kg1 {[%clk 1:30:30]} h5 {[%clk 1:30:30]} 45. Rg2 {[%clk 1:30:30]}
Re1+ {[%clk 1:30:30]} 46. Kf2 {[%clk 1:30:30]} 0-1

[Event "8th Vellmar Chess Days"]
[Site "chess24.com"]
[Date "2016.07.28"]
[Round "1"]
[White "Modric, Vladimir"]
[Black "Hansen, Jeppe"]
[Result "0-1"]
[Board "43"]
[WhiteElo "1986"]
[WhiteTeam "SC Nied"]
[WhiteCountry "GER"]
[WhiteFideId "24628654"]
[WhiteEloChange "-16"]
[BlackElo "1759"]
[BlackTeam "Sydøstlolland Skakklub"]
[BlackCountry "DEN"]
[BlackFideId "1437640"]
[BlackEloChange "16"]

1. Nf3 {[%clk 1:30:30]} e6 {[%clk 1:30:30]} 2. g3 {[%clk 1:30:30]} f5 {[%clk
1:30:30]} 3. Bg2 {[%clk 1:30:30]} Nf6 {[%clk 1:30:30]} 4. d3 {[%clk 1:30:30]} Be7
{[%clk 1:30:30]} 5. Nbd2 {[%clk 1:30:30]} O-O {[%clk 1:30:30]} 6. O-O {[%clk
1:30:30]} Qe8 {[%clk 1:30:30]} 7. e4 {[%clk 1:30:30]} fxe4 {[%clk 1:30:30]} 8.
Nxe4 {[%clk 1:30:30]} Nxe4 {[%clk 1:30:30]} 9. dxe4 {[%clk 1:30:30]} d6 {[%clk
1:30:30]} 10. e5 {[%clk 1:30:30]} Qh5 {[%clk 1:30:30]} 11. Bf4 {[%clk 1:30:30]}
d5 {[%clk 1:30:30]} 12. Nd4 {[%clk 1:30:30]} Qg6 {[%clk 1:30:30]} 13. Qd3 {[%clk
1:30:30]} Qxd3 {[%clk 1:30:30]} 14. cxd3 {[%clk 1:30:30]} Bc5 {[%clk 1:30:30]}
15. Nb5 {[%clk 1:30:30]} Rf7 {[%clk 1:30:30]} 16. Rac1 {[%clk 1:30:30]} Na6
{[%clk 1:30:30]} 17. Be3 {[%clk 1:30:30]} Bxe3 {[%clk 1:30:30]} 18. fxe3 {[%clk
1:30:30]} Rxf1+ {[%clk 1:30:30]} 19. Bxf1 {[%clk 1:30:30]} Bd7 {[%clk 1:30:30]}
20. Nd4 {[%clk 1:30:30]} c5 {[%clk 1:30:30]} 21. Nb3 {[%clk 1:30:30]} Rc8 {[%clk
1:30:30]} 22. d4 {[%clk 1:30:30]} c4 {[%clk 1:30:30]} 23. Nd2 {[%clk 1:30:30]} b5
{[%clk 1:30:30]} 24. a3 {[%clk 1:30:30]} Nb8 {[%clk 1:30:30]} 25. e4 {[%clk
1:30:30]} Nc6 {[%clk 1:30:30]} 26. Nf3 {[%clk 1:30:30]} dxe4 {[%clk 1:30:30]} 27.
Ng5 {[%clk 1:30:30]} h6 {[%clk 1:30:30]} 28. Nxe4 {[%clk 1:30:30]} Nxd4 {[%clk
1:30:30]} 29. Rd1 {[%clk 1:30:30]} Nf3+ {[%clk 1:30:30]} 30. Kg2 {[%clk 1:30:30]}
Nxe5 {[%clk 1:30:30]} 31. Nd6 {[%clk 1:30:30]} Bc6+ {[%clk 1:30:30]} 32. Kh3
{[%clk 1:30:30]} Rd8 {[%clk 1:30:30]} 33. Be2 {[%clk 1:30:30]} Kf8 {[%clk
1:30:30]} 34. a4 {[%clk 1:30:30]} a6 {[%clk 1:30:30]} 35. axb5 {[%clk 1:30:30]}
axb5 {[%clk 1:30:30]} 36. b3 {[%clk 1:30:30]} c3 {[%clk 1:30:30]} 37. Rf1+ {[%clk
1:30:30]} Ke7 {[%clk 1:30:30]} 38. Nxb5 {[%clk 1:30:30]} Bxb5 {[%clk 1:30:30]}
39. Bxb5 {[%clk 1:30:30]} Nd3 {[%clk 1:30:30]} 40. Kg4 {[%clk 1:30:30]} h5+
{[%clk 1:30:30]} 41. Kxh5 {[%clk 1:30:30]} 0-1

[Event "8th Vellmar Chess Days"]
[Site "chess24.com"]
[Date "2016.07.28"]
[Round "1"]
[White "Bajorski, Marius"]
[Black "Knoth, Eugen"]
[Result "1/2-1/2"]
[Board "44"]
[WhiteElo "1753"]
[WhiteTeam "SV Hofheim"]
[WhiteCountry "GER"]
[WhiteFideId "12938831"]
[WhiteEloChange "6"]
[BlackElo "1980"]
[BlackTeam "SK Vellmar"]
[BlackCountry "GER"]
[BlackFideId "4650395"]
[BlackEloChange "-6"]

1. c4 {[%clk 1:30:30]} Nf6 {[%clk 1:30:30]} 2. Nf3 {[%clk 1:30:30]} c6 {[%clk
1:30:30]} 3. e3 {[%clk 1:30:30]} d5 {[%clk 1:30:30]} 4. Qc2 {[%clk 1:30:30]} g6
{[%clk 1:30:30]} 5. b3 {[%clk 1:30:30]} Bg7 {[%clk 1:30:30]} 6. Bb2 {[%clk
1:30:30]} Bf5 {[%clk 1:30:30]} 7. d3 {[%clk 1:30:30]} O-O {[%clk 1:30:30]} 8. Be2
{[%clk 1:30:30]} Nbd7 {[%clk 1:30:30]} 9. O-O {[%clk 1:30:30]} Bg4 {[%clk
1:30:30]} 10. Nbd2 {[%clk 1:30:30]} Ne8 {[%clk 1:30:30]} 11. Bxg7 {[%clk
1:30:30]} Nxg7 {[%clk 1:30:30]} 12. h3 {[%clk 1:30:30]} Bxf3 {[%clk 1:30:30]} 13.
Nxf3 {[%clk 1:30:30]} e6 {[%clk 1:30:30]} 14. Rfd1 {[%clk 1:30:30]} Qf6 {[%clk
1:30:30]} 15. Rac1 {[%clk 1:30:30]} Rfd8 {[%clk 1:30:30]} 16. cxd5 {[%clk
1:30:30]} exd5 {[%clk 1:30:30]} 17. d4 {[%clk 1:30:30]} Ne8 {[%clk 1:30:30]} 18.
b4 {[%clk 1:30:30]} a6 {[%clk 1:30:30]} 19. a4 {[%clk 1:30:30]} Nd6 {[%clk
1:30:30]} 20. Rb1 {[%clk 1:30:30]} Rac8 {[%clk 1:30:30]} 1/2-1/2

[Event "8th Vellmar Chess Days"]
[Site "chess24.com"]
[Date "2016.07.28"]
[Round "1"]
[White "Amrhein, Thorsten"]
[Black "Mao, Yvonne"]
[Result "1-0"]
[Board "45"]
[WhiteElo "1976"]
[WhiteTeam "Sf Barsinghausen"]
[WhiteCountry "GER"]
[WhiteFideId "24655384"]
[WhiteEloChange "4"]
[BlackElo "1733"]
[BlackTeam "SK Gernsheim"]
[BlackCountry "GER"]
[BlackFideId "12942561"]
[BlackEloChange "-4"]

1. e4 {[%clk 1:30:30]} c5 {[%clk 1:30:30]} 2. c3 {[%clk 1:30:30]} e6 {[%clk
1:30:30]} 3. d4 {[%clk 1:30:30]} d5 {[%clk 1:30:30]} 4. exd5 {[%clk 1:30:30]}
Qxd5 {[%clk 1:30:30]} 5. Nf3 {[%clk 1:30:30]} Nc6 {[%clk 1:30:30]} 6. Na3 {[%clk
1:30:30]} cxd4 {[%clk 1:30:30]} 7. Nb5 {[%clk 1:30:30]} Bd6 {[%clk 1:30:30]} 8.
Bc4 {[%clk 1:30:30]} Qe4+ {[%clk 1:30:30]} 9. Be3 {[%clk 1:30:30]} Bf4 {[%clk
1:30:30]} 10. Bd3 {[%clk 1:30:30]} Qd5 {[%clk 1:30:30]} 11. Bxf4 {[%clk 1:30:30]}
Kd8 {[%clk 1:30:30]} 12. Nc7 {[%clk 1:30:30]} Qc5 {[%clk 1:30:30]} 13. Nxa8
{[%clk 1:30:30]} e5 {[%clk 1:30:30]} 14. Bg5+ {[%clk 1:30:30]} f6 {[%clk
1:30:30]} 15. Bd2 {[%clk 1:30:30]} b6 {[%clk 1:30:30]} 16. cxd4 {[%clk 1:30:30]}
Nxd4 {[%clk 1:30:30]} 17. Nxd4 {[%clk 1:30:30]} Qxd4 {[%clk 1:30:30]} 18. Qc2
{[%clk 1:30:30]} Bb7 {[%clk 1:30:30]} 19. Qc7+ {[%clk 1:30:30]} 1-0

[Event "8th Vellmar Chess Days"]
[Site "chess24.com"]
[Date "2016.07.28"]
[Round "1"]
[White "Reichelt, Ole"]
[Black "Reichenbaecher, Thomas"]
[Result "0-1"]
[Board "46"]
[WhiteElo "1738"]
[WhiteTeam "Hamelner SV"]
[WhiteCountry "GER"]
[WhiteFideId "12965073"]
[WhiteEloChange "-4"]
[BlackElo "1975"]
[BlackTeam "SVG Konstanz"]
[BlackCountry "GER"]
[BlackFideId "4643402"]
[BlackEloChange "4"]

1. d4 {[%clk 1:30:30]} Nf6 {[%clk 1:30:30]} 2. Nf3 {[%clk 1:30:30]} d5 {[%clk
1:30:30]} 3. e3 {[%clk 1:30:30]} g6 {[%clk 1:30:30]} 4. c4 {[%clk 1:30:30]} c6
{[%clk 1:30:30]} 5. Bd3 {[%clk 1:30:30]} Bg7 {[%clk 1:30:30]} 6. O-O {[%clk
1:30:30]} O-O {[%clk 1:30:30]} 7. b3 {[%clk 1:30:30]} a5 {[%clk 1:30:30]} 8. Nc3
{[%clk 1:30:30]} Na6 {[%clk 1:30:30]} 9. Bb2 {[%clk 1:30:30]} Nc7 {[%clk
1:30:30]} 10. Ne5 {[%clk 1:30:30]} Nd7 {[%clk 1:30:30]} 11. f4 {[%clk 1:30:30]}
Nxe5 {[%clk 1:30:30]} 12. fxe5 {[%clk 1:30:30]} dxc4 {[%clk 1:30:30]} 13. bxc4
{[%clk 1:30:30]} Ne6 {[%clk 1:30:30]} 14. Ne2 {[%clk 1:30:30]} Bh6 {[%clk
1:30:30]} 15. Rf3 {[%clk 1:30:30]} b5 {[%clk 1:30:30]} 16. cxb5 {[%clk 1:30:30]}
cxb5 {[%clk 1:30:30]} 17. Bxb5 {[%clk 1:30:30]} Bb7 {[%clk 1:30:30]} 18. Rh3
{[%clk 1:30:30]} Qd5 {[%clk 1:30:30]} 19. Qf1 {[%clk 1:30:30]} Qxb5 {[%clk
1:30:30]} 20. Rxh6 {[%clk 1:30:30]} Ba6 {[%clk 1:30:30]} 21. d5 {[%clk 1:30:30]}
Qxb2 {[%clk 1:30:30]} 22. Rb1 {[%clk 1:30:30]} Qxe5 {[%clk 1:30:30]} 23. Qe1
{[%clk 1:30:30]} 0-1

[Event "8th Vellmar Chess Days"]
[Site "chess24.com"]
[Date "2016.07.28"]
[Round "1"]
[White "Hering, Sven"]
[Black "Hofschlag, Dirk"]
[Result "1-0"]
[Board "47"]
[WhiteElo "1968"]
[WhiteTeam "ESV Lok Raw Cottbus"]
[WhiteCountry "GER"]
[WhiteFideId "24605727"]
[WhiteEloChange "4"]
[BlackElo "1736"]
[BlackTeam "SK Bad Lippspringe"]
[BlackCountry "GER"]
[BlackFideId "12974609"]
[BlackEloChange "-4"]

1. e4 {[%clk 1:30:30]} Nc6 {[%clk 1:30:30]} 2. Nc3 {[%clk 1:30:30]} e6 {[%clk
1:30:30]} 3. d4 {[%clk 1:30:30]} Nce7 {[%clk 1:30:30]} 4. Bd3 {[%clk 1:30:30]}
Ng6 {[%clk 1:30:30]} 5. Be3 {[%clk 1:30:30]} b6 {[%clk 1:30:30]} 6. Nge2 {[%clk
1:30:30]} Bb7 {[%clk 1:30:30]} 7. Qd2 {[%clk 1:30:30]} Nf6 {[%clk 1:30:30]} 8. f3
{[%clk 1:30:30]} e5 {[%clk 1:30:30]} 9. g4 {[%clk 1:30:30]} Bb4 {[%clk 1:30:30]}
10. h4 {[%clk 1:30:30]} d6 {[%clk 1:30:30]} 11. a3 {[%clk 1:30:30]} Bxc3 {[%clk
1:30:30]} 12. Qxc3 {[%clk 1:30:30]} Nd7 {[%clk 1:30:30]} 13. g5 {[%clk 1:30:30]}
f6 {[%clk 1:30:30]} 14. O-O-O {[%clk 1:30:30]} Ne7 {[%clk 1:30:30]} 15. gxf6
{[%clk 1:30:30]} gxf6 {[%clk 1:30:30]} 16. f4 {[%clk 1:30:30]} a6 {[%clk
1:30:30]} 17. fxe5 {[%clk 1:30:30]} fxe5 {[%clk 1:30:30]} 18. Rhg1 {[%clk
1:30:30]} c6 {[%clk 1:30:30]} 19. Rg7 {[%clk 1:30:30]} h6 {[%clk 1:30:30]} 20.
Qd2 {[%clk 1:30:30]} Nf8 {[%clk 1:30:30]} 21. Bxh6 {[%clk 1:30:30]} Ne6 {[%clk
1:30:30]} 22. Rg3 {[%clk 1:30:30]} exd4 {[%clk 1:30:30]} 23. Bg5 {[%clk 1:30:30]}
c5 {[%clk 1:30:30]} 24. Rf1 {[%clk 1:30:30]} b5 {[%clk 1:30:30]} 25. c4 {[%clk
1:30:30]} Nxg5 {[%clk 1:30:30]} 26. Qxg5 {[%clk 1:30:30]} bxc4 {[%clk 1:30:30]}
27. Bxc4 {[%clk 1:30:30]} Bxe4 {[%clk 1:30:30]} 28. Qf6 {[%clk 1:30:30]} Rh7
{[%clk 1:30:30]} 29. Be6 {[%clk 1:30:30]} Ng6 {[%clk 1:30:30]} 30. Rxg6 {[%clk
1:30:30]} Qxf6 {[%clk 1:30:30]} 31. Rgxf6 {[%clk 1:30:30]} Ke7 {[%clk 1:30:30]}
32. Bf5 {[%clk 1:30:30]} Rxh4 {[%clk 1:30:30]} 33. Re6+ {[%clk 1:30:30]} Kf7
{[%clk 1:30:30]} 34. Rxe4 {[%clk 1:30:30]} Rah8 {[%clk 1:30:30]} 35. Rxh4 {[%clk
1:30:30]} Rxh4 {[%clk 1:30:30]} 36. Bc8+ {[%clk 1:30:30]} Ke7 {[%clk 1:30:30]}
37. Bxa6 {[%clk 1:30:30]} Rh2 {[%clk 1:30:30]} 38. Bc4 {[%clk 1:30:30]} d5 {[%clk
1:30:30]} 39. Bb5 {[%clk 1:30:30]} Kd6 {[%clk 1:30:30]} 40. a4 {[%clk 1:30:30]}
Rh4 {[%clk 1:30:30]} 41. a5 {[%clk 1:30:30]} c4 {[%clk 1:30:30]} 42. a6 {[%clk
1:30:30]} Kc5 {[%clk 1:30:30]} 43. a7 {[%clk 1:30:30]} Rh8 {[%clk 1:30:30]} 44.
Rf7 {[%clk 1:30:30]} d3 {[%clk 1:30:30]} 45. Nc3 {[%clk 1:30:30]} Ra8 {[%clk
1:30:30]} 46. Ba6 {[%clk 1:30:30]} d4 {[%clk 1:30:30]} 47. Nd1 {[%clk 1:30:30]}
Kb4 {[%clk 1:30:30]} 48. Rc7 {[%clk 1:30:30]} c3 {[%clk 1:30:30]} 49. bxc3+
{[%clk 1:30:30]} dxc3 {[%clk 1:30:30]} 50. Nxc3 {[%clk 1:30:30]} Rf8 {[%clk
1:30:30]} 51. Bb7 {[%clk 1:30:30]} Rf1+ {[%clk 1:30:30]} 52. Kd2 {[%clk 1:30:30]}
Rf2+ {[%clk 1:30:30]} 53. Kxd3 {[%clk 1:30:30]} Rh2 {[%clk 1:30:30]} 54. a8Q
{[%clk 1:30:30]} Rh3+ {[%clk 1:30:30]} 55. Bf3 {[%clk 1:30:30]} Rxf3+ {[%clk
1:30:30]} 1-0